000 00765nam a22002537a 4500
005 20170123162352.0
010 _a862855
020 _c2.50
035 _a862855
037 _bCen Lib / Ret
040 _aDPL
_bUR
082 _a616.97
_bم ہ ت
100 _aمہتہ، اس. پی
_9831
245 _a/ دمہ کا علاج
_cاس. پی مہتہ
246 _aDama ka ilaj /
_bby S, P. Mehta
260 _a دہلی
_bرسالہ روزگار میڈیکل ہاؤس
_c00??
270 _b دہلی
300 _a80p.
_c12cm (Hb)
650 _aاردوادب
_9137466
650 _aمیڈیکل -- دمہ
_994827
650 _aUrdu Literature
_9137467
650 _aMedical -- Dama
_9137468
942 _2ddc
_cUR
_h616.97
_mم ہ ت
999 _c109351
_d109351